Saltar al contenido
Inicio
Centros participantes
Catálogo
Servicios
Contacto
כניסה לחשבון
English
Deutsch
Español
Français
Italiano
日本語
Nederlands
Português
Português (Brasil)
中文(简体)
中文(繁體)
Türkçe
עברית
Gaeilge
Cymraeg
Ελληνικά
Català
Euskara
Русский
Čeština
Suomi
Svenska
polski
Dansk
slovenščina
اللغة العربية
বাংলা
Galego
Tiếng Việt
Hrvatski
हिंदी
Հայերէն
Українська
Sámegiella
שפה
כל השדות
כותר
מחבר
נושא
סימן המיקום
ISBN/ISSN
תג
מצא
מתקדם
De cómo la paz es la auténtica...
יצירת מראה מקום
שלח את זה
הדפסה
יצוא רשומה
יצוא אל RefWorks
יצוא אל EndNoteWeb
יצוא אל EndNote
הוספה למועדפים
Enlace Permanente
Exportació completada —
Agregar primera valuación
De cómo la paz es la auténtica guerra
שמור ב:
מידע ביבליוגרפי
פורמט:
Texto
נושאים:
GUERRA
PAZ
תגים:
הוספת תג
אין תגיות, היה/י הראשונ/ה לתייג את הרשומה!
מלאי ספרים
תיאור
הערות
פריטים דומים
תצוגת צוות
MARC
LEADER
00000 a a2200000 04500
001
18249
003
040
245
|a
De cómo la paz es la auténtica guerra
500
|a
De: El imposible.net
650
|a
GUERRA
650
|a
PAZ
773
|g
número 95; páginas 153-155
999
|c
29708
|d
29708
פריטים דומים
El Salvador: una auténtica guerra civil
מאת: Menéndez Rodríguez, Mario
Guerra y paz en la costa atlántica
De Contadora a Esquipulas III: problemas de la guerra y la paz en Centroamérica
מאת: Jauberth Rojas, Rodrigo
Nicaragua entre la guerra y la paz: año de dolor y ... /
מאת: Ferrari, Sergio
Política en tiempo de guerra /
מאת: Mires, Fernando